Ejercicios de cálculo booleano (Record no. 55349)

MARC details
000 -LEADER
campo de control de longitud fija 00885nam a2200241 i 4500
001 - NÚMERO DE CONTROL
campo de control 55349
003 - IDENTIFICADOR DE NÚMERO DE CONTROL
campo de control ES-MaACL
005 - FECHA Y HORA DE LA ÚLTIMA TRANSACCIÓN
campo de control 20250903025806.0
007 - CAMPO FIJO DE DESCRIPCIÓN FÍSICA--INFORMACIÓN GENERAL
campo de control de longitud fija t|
008 - DATOS DE LONGITUD FIJA--INFORMACIÓN GENERAL
campo de control de longitud fija 030918s1978 sp ||||1| spa d
100 1# - ENTRADA PRINCIPAL--NOMBRE DE PERSONA
Nombre de persona Denis-Papin, Maurice
9 (RLIN) 43708
245 10 - MENCIÓN DEL TÍTULO
Título Ejercicios de cálculo booleano
Resto del título : (con sus soluciones) /
Mención de responsabilidad, etc. por Maurice Denis-Papin y Yves Malgrange ; traducido por Francisco Galante Castrillo ; revisado por Miguel Angel Alvarez Espinosa.
250 ## - MENCION DE EDICION
Mención de edición [1ª ed.].
260 ## - PUBLICACIÓN, DISTRIBUCIÓN, ETC.
Lugar de publicación, distribución, etc. Bilbao :
Nombre del editor, distribuidor, etc. Urmo,
Fecha de publicación, distribución, etc. [1978]
300 ## - DESCRIPCIÓN FÍSICA
Extensión 282 p. :
Otras características físicas il. ;
Dimensiones 24 cm.
490 1# - MENCIÓN DE SERIE
Mención de serie Curso de Matemáticas Superiores
700 1# - ENTRADA AGREGADA--NOMBRE PERSONAL
Nombre de persona Malgrange, Yves.
9 (RLIN) 75766
700 1# - ENTRADA AGREGADA--NOMBRE PERSONAL
Nombre de persona Galante Castrillo, Francisco.
9 (RLIN) 53323
700 1# - ENTRADA AGREGADA--NOMBRE PERSONAL
Nombre de persona Alvarez Espinosa, Angel.
9 (RLIN) 20804
830 00 - PUNTO DE ACCESO ADICIONAL DE SERIE-TÍTULO UNIFORME
Título uniforme Curso de matemáticas superiores
9 (RLIN) 182545
852 ## - LOCALIZACIÓN
Ubicación ES-MaACL
Número de control de estantería L-112
Sublocalización o colección R.100774
Holdings
Estatus retirado Estado de pérdida Estado de daño No para préstamo Biblioteca de origen Biblioteca actual Ubicación en estantería Fecha de adquisición Fuente de adquisición Total de préstamos Signatura topográfica completa Código de barras Visto por última vez Precio de reemplazo Tipo de ítem Koha
        Biblioteca del Ateneo de Madrid Biblioteca del Ateneo de Madrid Depósito 2 17/01/2008     L-112 1058152 23/02/2023 23/02/2023 Libro impreso